<?xml version="1.0" encoding="UTF-8"?>
<record
    xmlns:xsi="http://www.w3.org/2001/XMLSchema-instance"
    xsi:schemaLocation="http://www.loc.gov/MARC21/slim http://www.loc.gov/standards/marcxml/schema/MARC21slim.xsd"
    xmlns="http://www.loc.gov/MARC21/slim">

  <leader>01693nam2a2200301   4500</leader>
  <controlfield tag="001">rc\3032983</controlfield>
  <controlfield tag="005">20260315065206.0</controlfield>
  <datafield tag="035" ind1=" " ind2=" ">
    <subfield code="a">(NLR Aleph) 007173819</subfield>
  </datafield>
  <datafield tag="090" ind1=" " ind2=" ">
    <subfield code="a">13621369</subfield>
    <subfield code="c">13621369</subfield>
  </datafield>
  <datafield tag="100" ind1=" " ind2=" ">
    <subfield code="a">20111003d1945    u  y0rusy50      ca</subfield>
  </datafield>
  <datafield tag="101" ind1="0" ind2=" ">
    <subfield code="a">rus</subfield>
  </datafield>
  <datafield tag="102" ind1=" " ind2=" ">
    <subfield code="a">RU</subfield>
  </datafield>
  <datafield tag="105" ind1=" " ind2=" ">
    <subfield code="a">ab  z   |||||</subfield>
  </datafield>
  <datafield tag="200" ind1="1" ind2=" ">
    <subfield code="a">&#x41E;&#x440;&#x43E;&#x448;&#x435;&#x43D;&#x438;&#x435;, &#x43E;&#x441;&#x443;&#x448;&#x435;&#x43D;&#x438;&#x435; &#x438; &#x43E;&#x431;&#x432;&#x43E;&#x434;&#x43D;&#x435;&#x43D;&#x438;&#x435;</subfield>
    <subfield code="f">&#x41F;&#x43E;&#x434; &#x440;&#x435;&#x434;. &#x438;&#x43D;&#x436;. &#x410;.&#x41C;. &#x426;&#x430;&#x440;&#x435;&#x432;&#x441;&#x43A;&#x438;&#x439; (&#x43E;&#x442;&#x432;. &#x440;&#x435;&#x434;.), &#x430;&#x43A;&#x430;&#x434;. &#x410;.&#x41D;. &#x41A;&#x43E;&#x441;&#x442;&#x44F;&#x43A;&#x43E;&#x432;, &#x43F;&#x440;&#x43E;&#x444;. &#x410;.&#x414;. &#x411;&#x440;&#x443;&#x434;&#x430;&#x441;&#x442;&#x43E;&#x432; &#x438; &#x434;&#x440;.</subfield>
    <subfield code="g">[&#x421;&#x43E;&#x441;&#x442;: &#x434;&#x43E;&#x446;. &#x417;&#x443;&#x437;&#x438;&#x43A; &#x414;.&#x422;., &#x434;-&#x440; &#x43D;&#x430;&#x443;&#x43A; &#x43F;&#x440;&#x43E;&#x444;. &#x428;&#x430;&#x440;&#x43E;&#x432; &#x418;.&#x410;., &#x434;-&#x440; &#x43D;&#x430;&#x443;&#x43A;, &#x43F;&#x440;&#x43E;&#x444;. &#x420;&#x43E;&#x437;&#x43E;&#x432; &#x43B;. &#x43F;. &#x438; &#x434;&#x440;.]</subfield>
  </datafield>
  <datafield tag="210" ind1=" " ind2=" ">
    <subfield code="d">1945</subfield>
  </datafield>
  <datafield tag="215" ind1=" " ind2=" ">
    <subfield code="a">XVI, 827 &#x441;., 1 &#x43B;. &#x433;&#x440;&#x430;&#x444;.</subfield>
    <subfield code="c">&#x43A;&#x430;&#x440;&#x442;., &#x447;&#x435;&#x440;&#x442;., &#x433;&#x440;&#x430;&#x444;.</subfield>
  </datafield>
  <datafield tag="461" ind1=" " ind2="0">
    <subfield code="1">001rc\3032982</subfield>
    <subfield code="1">2001#$a&#x421;&#x43F;&#x440;&#x430;&#x432;&#x43E;&#x447;&#x43D;&#x438;&#x43A; &#x43F;&#x43E; &#x43C;&#x435;&#x43B;&#x438;&#x43E;&#x440;&#x430;&#x446;&#x438;&#x438; &#x438; &#x433;&#x438;&#x434;&#x440;&#x43E;&#x442;&#x435;&#x445;&#x43D;&#x438;&#x43A;&#x435;$f&#x410;&#x43A;&#x430;&#x434;. &#x441;.-&#x445;. &#x43D;&#x430;&#x443;&#x43A; &#x438;&#x43C;. &#x412;.&#x418;. &#x41B;&#x435;&#x43D;&#x438;&#x43D;&#x430;. &#x412;&#x441;&#x435;&#x441;&#x43E;&#x44E;&#x437;. &#x43D;&#x430;&#x443;&#x447;.-&#x438;&#x441;&#x441;&#x43B;&#x435;&#x434;. &#x438;&#x43D;-&#x442; &#x433;&#x438;&#x434;&#x440;&#x43E;&#x442;&#x435;&#x445;&#x43D;&#x438;&#x43A;&#x438; &#x438; &#x43C;&#x435;&#x43B;&#x438;&#x43E;&#x440;&#x430;&#x446;&#x438;&#x438;$v&#x422;. 3</subfield>
    <subfield code="9">7372806</subfield>
    <subfield code="c">&#x41C;&#x43E;&#x441;&#x43A;&#x432;&#x430;</subfield>
    <subfield code="d">1945</subfield>
    <subfield code="f">&#x410;&#x43A;&#x430;&#x434;. &#x441;.-&#x445;. &#x43D;&#x430;&#x443;&#x43A; &#x438;&#x43C;. &#x412;.&#x418;. &#x41B;&#x435;&#x43D;&#x438;&#x43D;&#x430;. &#x412;&#x441;&#x435;&#x441;&#x43E;&#x44E;&#x437;. &#x43D;&#x430;&#x443;&#x447;.-&#x438;&#x441;&#x441;&#x43B;&#x435;&#x434;. &#x438;&#x43D;-&#x442; &#x433;&#x438;&#x434;&#x440;&#x43E;&#x442;&#x435;&#x445;&#x43D;&#x438;&#x43A;&#x438; &#x438; &#x43C;&#x435;&#x43B;&#x438;&#x43E;&#x440;&#x430;&#x446;&#x438;&#x438;</subfield>
    <subfield code="n">&#x421;&#x435;&#x43B;&#x44C;&#x445;&#x43E;&#x437;</subfield>
    <subfield code="t">&#x421;&#x43F;&#x440;&#x430;&#x432;&#x43E;&#x447;&#x43D;&#x438;&#x43A; &#x43F;&#x43E; &#x43C;&#x435;&#x43B;&#x438;&#x43E;&#x440;&#x430;&#x446;&#x438;&#x438; &#x438; &#x433;&#x438;&#x434;&#x440;&#x43E;&#x442;&#x435;&#x445;&#x43D;&#x438;&#x43A;&#x435;</subfield>
    <subfield code="v">&#x422;. 3</subfield>
  </datafield>
  <datafield tag="702" ind1=" " ind2="1">
    <subfield code="a">&#x426;&#x430;&#x440;&#x435;&#x432;&#x441;&#x43A;&#x438;&#x439;</subfield>
    <subfield code="b">&#x410;.&#x41C;.</subfield>
    <subfield code="4">340</subfield>
  </datafield>
  <datafield tag="702" ind1=" " ind2="1">
    <subfield code="a">&#x41A;&#x43E;&#x441;&#x442;&#x44F;&#x43A;&#x43E;&#x432;</subfield>
    <subfield code="b">&#x410;.&#x41D;.</subfield>
    <subfield code="4">340</subfield>
  </datafield>
  <datafield tag="702" ind1=" " ind2="1">
    <subfield code="a">&#x411;&#x440;&#x443;&#x434;&#x430;&#x441;&#x442;&#x43E;&#x432;</subfield>
    <subfield code="b">&#x410;.&#x414;.</subfield>
    <subfield code="4">340</subfield>
  </datafield>
  <datafield tag="702" ind1=" " ind2="1">
    <subfield code="a">&#x417;&#x443;&#x437;&#x438;&#x43A;</subfield>
    <subfield code="b">&#x414;.&#x422;.</subfield>
    <subfield code="4">220</subfield>
  </datafield>
  <datafield tag="702" ind1=" " ind2="1">
    <subfield code="a">&#x428;&#x430;&#x440;&#x43E;&#x432;</subfield>
    <subfield code="b">&#x418;.&#x410;.</subfield>
    <subfield code="4">220</subfield>
  </datafield>
  <datafield tag="702" ind1=" " ind2="1">
    <subfield code="a">&#x420;&#x43E;&#x437;&#x43E;&#x432;</subfield>
    <subfield code="b">&#x41B;.&#x41F;.</subfield>
    <subfield code="4">220</subfield>
  </datafield>
  <datafield tag="801" ind1=" " ind2="0">
    <subfield code="a">RU</subfield>
    <subfield code="b">NLR</subfield>
    <subfield code="g">psbo</subfield>
  </datafield>
  <datafield tag="801" ind1=" " ind2="1">
    <subfield code="a">RU</subfield>
    <subfield code="b">ELAR</subfield>
    <subfield code="2">rusmarc</subfield>
  </datafield>
  <datafield tag="852" ind1=" " ind2=" ">
    <subfield code="a">NLR</subfield>
    <subfield code="b">&#x421;</subfield>
    <subfield code="j">14 &#x413;-3/3</subfield>
  </datafield>
  <datafield tag="942" ind1=" " ind2=" ">
    <subfield code="c">UNSPEC</subfield>
  </datafield>
  <datafield tag="980" ind1=" " ind2=" ">
    <subfield code="a">NB</subfield>
  </datafield>
</record>
